000 00540nam a2200181Ia 4500
005 20250508160638.0
008 008 250505s9999 xx 000 0 eng d
037 _aTextual
040 _aFEDL
_beng
_cFEDL
041 _aeng
_2eng
084 _a371.425, SHA
_qFEDL
100 _aSharp Laure M
_9769010
245 0 _aEducation and emplyment : The early careers of college graduates
260 _aLondon, UK
_bThe Johns Hopkins Press
_c1970
300 _a162p.
942 _cTEXL
_h371.425, SHA
999 _c1365801
_d1365801